00207nam a2200097Ia 4500008004100000082000800041100001500049245002400064942000600088999001500094240331s9999 xx 000 0 und d bBRE aBrennan, T 0aHistory after lacan cL c1745d1745